Table de 17 - Statistiques

Statistiques générales
  • Ce quiz a été pris 124 fois
  • Le résultat moyen est 16 sur 20
Statistiques - réponses
Hint Réponse % Correct
17 x 1 = 17
98%
17 x 2 = 34
98%
17 x 3 = 51
90%
17 x 4 = 68
90%
17 x 6 = 102
88%
17 x 7 = 119
88%
17 x 5 = 85
88%
17 x 8 = 136
85%
17 x 10 = 170
85%
17 x 9 = 153
83%
17 x 11 = 187
83%
17 x 12 = 204
75%
17 x 13 = 221
73%
17 x 14 = 238
68%
17 x 15 = 255
68%
17 x 16 = 272
65%
17 x 17 = 289
65%
17 x 18 = 306
60%
17 x 19 = 323
60%
17 x 20 = 340
60%
Aucun quiz correspondant
Distribution des résultats
% des personnes avec chaque résultat
Percentile par nombre de réponses
Votre historique - résultats
Vous n’avez pas pris ce quiz